Incidental enemies in the Paper Mario series - Statistics

General Stats
  • This quiz has been taken 2 times
  • The average score is 2 of 9
Answer Stats
Origin Answer % Correct
SS Gold Boo
100%
SS 5-Fold Paragoomba
50%
SS Crumpled Boo
50%
CS Buzzy Beetle Tower
0%
CS Laundry Guy
0%
CS Pry Guy
0%
CS Shy Guy 4-Stack
0%
CS Trampoline Shy Guys
0%
CS Unicycle Shy Guys
0%
No matching quizzes found
Score Distribution
Percent of People with Each Score
Percentile by Number Answered
Your Score History
You have not taken this quiz